000 00559nam a2200169 a 4500
001 000027908
005 20200930031207.0
008 110405s1982 dr ab 000 0 spa d
040 _aDO-SdBNP
_bspa
_cBNPHU
100 1 _aSánchez, María Teresa de
_930503
245 1 0 _aGeografía patria :
_beducación media /
_cMaría Teresa de Sánchez.
250 _a8a ed.
260 _aSanto Domingo :
_bSecretaría de Estado de Educación,
_c1982.
_fEditora Amigo del Hogar
300 _a59 p. :
_bil., map. ;
_c28 cm.
504 _aBibliografía : p. 56
049 _aBNPD
999 _c27400
_d27400